<?xml version="1.0" encoding="UTF-8"?>
<record
    xmlns:xsi="http://www.w3.org/2001/XMLSchema-instance"
    xsi:schemaLocation="http://www.loc.gov/MARC21/slim http://www.loc.gov/standards/marcxml/schema/MARC21slim.xsd"
    xmlns="http://www.loc.gov/MARC21/slim">

  <leader>00363nam a2200133Ia 4500</leader>
  <controlfield tag="008">220530s9999    xx            000 0 und d</controlfield>
  <datafield tag="040" ind1=" " ind2=" ">
    <subfield code="a">eng</subfield>
  </datafield>
  <datafield tag="100" ind1=" " ind2=" ">
    <subfield code="a">ROBERT ELIAS NAJEMY</subfield>
    <subfield code="9">62151</subfield>
  </datafield>
  <datafield tag="245" ind1=" " ind2=" ">
    <subfield code="a">CONFLICTS BETWEEN BODY AND MIND</subfield>
  </datafield>
  <datafield tag="250" ind1=" " ind2=" ">
    <subfield code="a">FIRST</subfield>
  </datafield>
  <datafield tag="260" ind1=" " ind2=" ">
    <subfield code="a">MUMBAI</subfield>
    <subfield code="b">VMP PUBLISHERS AND DISTRIBUTERS MUMBAI</subfield>
    <subfield code="c">2004</subfield>
  </datafield>
  <datafield tag="300" ind1=" " ind2=" ">
    <subfield code="a">334</subfield>
  </datafield>
  <datafield tag="650" ind1=" " ind2=" ">
    <subfield code="a">MISCELLNOUS</subfield>
    <subfield code="9">62152</subfield>
  </datafield>
  <datafield tag="999" ind1=" " ind2=" ">
    <subfield code="c">2944</subfield>
    <subfield code="d">2944</subfield>
  </datafield>
  <datafield tag="952" ind1=" " ind2=" ">
    <subfield code="0">0</subfield>
    <subfield code="1">0</subfield>
    <subfield code="4">0</subfield>
    <subfield code="7">0</subfield>
    <subfield code="a">SNCN</subfield>
    <subfield code="b">SNCN</subfield>
    <subfield code="d">2021-09-27</subfield>
    <subfield code="e">TEXTBOOKDONATED  RATNA NIDHI CHARITABLE TRUST</subfield>
    <subfield code="g">37.00</subfield>
    <subfield code="l">3</subfield>
    <subfield code="p">SNCN-BK-2812</subfield>
    <subfield code="r">2025-09-10 00:00:00</subfield>
    <subfield code="s">2025-08-26</subfield>
    <subfield code="w">2022-05-31</subfield>
    <subfield code="y">DB</subfield>
    <subfield code="z">2812</subfield>
  </datafield>
</record>
